000 00413nam a2200121Ia 4500
008 220620s9999||||xx |||||||||||||| ||und||
100 _aGärtner, Christian
245 0 _aOrganic laser diodes: modelling and simulation
546 _aEnglish[eng]
650 _aorganic laser diodes||simulation||loss processes||design rules||organic semiconductor
856 _uhttps://www.ksp.kit.edu/9783866443457
942 _cEB
999 _c24894
_d24894